000 00514nam a2200181Ia 4500
008 090123s9999 xx 000 0 und d
082 _b31775
_a891.463/राऊत
100 _aराऊत शोभा
245 _aअतुट बंध
250 _a0
260 _bसुकृत प्रकाशन
_c2000
300 _a184
600 _aराऊत शोभा
630 _aअतुट बंध
700 _aराऊत शोभा
730 _aअतुट बंध
942 _cBOOK
999 _c69834
_d69834